000 00822nam a2200265 i 4500
001 C2-0342778
003 PPAK
005 20180728144057.0
008 170816s2016 paua|||| ||||| | eng d
020 _a9781422235270
040 _aPPAK
_beng
_cPPAK
_erda
082 0 4 _a591.5
_223
090 0 0 _a591.5
_bREM
_dRK
245 0 0 _aRemarkable reptiles
264 1 _aBroomall, Pennsylvania :
_bMason Crest ,
_c2016
300 _a32 pages :
_bcolour photographs ;
_c29 cm
336 _2rdacontent
_atext
337 _2rdamedia
_aunmediated
338 _2rdacarrier
_avolume
490 1 _aWildlife oddities
500 _aIncludes bibliographical references and index.
650 1 0 _aAnimal behavior - Juvenile literature. ; Reptiles - Miscellanea - Juvenile literature.
830 0 _aWildlife oddities
942 _ddc
_cB
999 _c139670
_d139670